MARC details
| 000 -LEADER |
| fixed length control field |
01058cam a2200289Ia 45 0 |
| 001 - CONTROL NUMBER |
| control field |
u181802 |
| 003 - CONTROL NUMBER IDENTIFIER |
| control field |
SIRSI |
| 008 - FIXED-LENGTH DATA ELEMENTS--GENERAL INFORMATION |
| fixed length control field |
100523s2004 ua a b 000 0 eng d |
| 040 ## - CATALOGING SOURCE |
| Original cataloging agency |
EAL |
| 041 ## - LANGUAGE CODE |
| Language code of text/sound track or separate title |
eng |
| Language code of summary or abstract |
ara |
| 090 ## - LOCALLY ASSIGNED LC-TYPE CALL NUMBER (OCLC); LOCAL CALL NUMBER (RLIN) |
| Classification number (OCLC) (R) ; Classification number, CALL (RLIN) (NR) |
CD-1834 |
| 100 1# - MAIN ENTRY--PERSONAL NAME |
| Personal name |
EI-Ekiaby, Walaa Talaat Darwish. |
| 245 10 - TITLE STATEMENT |
| Title |
Studies on endoparasites of some freshwater fishes |
| Medium |
[computer file]/ |
| Statement of responsibility, etc. |
Walaa Talaat Darwish EI-Ekiaby. |
| 246 15 - VARYING FORM OF TITLE |
| Title proper/short title |
دراسات على الطفيليات الداخلية لبعض أسماك المياه العذبة. |
| 260 ## - PUBLICATION, DISTRIBUTION, ETC. |
| Date of publication, distribution, etc. |
2004. |
| 300 ## - PHYSICAL DESCRIPTION |
| Extent |
Computer laser optical disk; |
| Dimensions |
4 3/4in. |
| 502 ## - DISSERTATION NOTE |
| Dissertation note |
Thesis (M.S.) – Zagazig University, 2004. |
| 504 ## - BIBLIOGRAPHY, ETC. NOTE |
| Bibliography, etc. note |
Includes bibliographical references (leaves [125]-137). |
| 538 ## - SYSTEM DETAILS NOTE |
| System details note |
System requirements: Adobe reader. |
| 546 ## - LANGUAGE NOTE |
| Language note |
Summary in Arabic. |
| 596 ## - |
| -- |
1 |
| 650 #0 - SUBJECT ADDED ENTRY--TOPICAL TERM |
| Topical term or geographic name entry element |
Freshwater fishes. |
| 650 #0 - SUBJECT ADDED ENTRY--TOPICAL TERM |
| Topical term or geographic name entry element |
Freshwater fishes |
| General subdivision |
Diseases. |
| 650 #0 - SUBJECT ADDED ENTRY--TOPICAL TERM |
| Topical term or geographic name entry element |
Endopeptidases. |
| 856 40 - ELECTRONIC LOCATION AND ACCESS |
| Uniform Resource Identifier |
<a href="http://nile.enal.sci.eg/thesis/1834.pdf">http://nile.enal.sci.eg/thesis/1834.pdf</a> |
| Public note |
Content & Abstract. |
| 942 ## - ADDED ENTRY ELEMENTS (KOHA) |
| Koha item type |
E-Thesis |
| Source of classification or shelving scheme |
Library of Congress Classification |